00936nam a2200253 a 450000100100000000500170001000800410002702000150006804000250008308200230010810000400013124500530017125000110022426000290023530000260026449000370029065000220032765000150034983000450036404900090040995201210041895201260053999900170066500002270420260119094801.0101115s1977 sp r 000 0 spa d a8432503576 aDO-SdBNPbspacBNPHU a150.1bL168p, 19771 aLafourcade, Agustínd1916-94667010aPsicología fundamental /cAgustín Lafourcad. a2a ed. aMadrid :bDoncel,c1977. a190, [8] p. ;c18 cm.1 aEl libro de bolsillo doncelv139 0aPsicología9152 0aAmor91688 0aEl libro de bolsillo doncel ;v13998628 aBNGR 001050718MOaGRbGRcCTd2011-03-01iLF1l0o150.1 L168p, 1977p22704-10r2020-06-25w2020-06-25y1ZNo se presta 001050718MOaGRbGRcCTd2011-03-01iLF1l0o150.1 L168p, 1977p22704-20r2020-06-25te.2w2020-06-25y1ZNo se presta c22201d22201